00440nam a2200169Ia 4500003000400000005001700004008004100021020001800062040000700080041000800087082002300095100003400118245004900152260003800201300001800239365001300257OSt20230502105340.0210423s2009 xx 000 0 und d a9788131517161 cAL aeng a658.421223b KURD aKURATKO (Donald F; RAO (T V). aEntrepreneurship: a south asian perspective. aNew DelhibCengage Learningc2009 axviii,615bPB b525cINR